Ends in 'IAT', 'IET', or 'IOT' Quiz Stats

 Plays Quiz Updated Jun 26, 2015

Also try: Ends in 'SK'
Challenge
Share
Tweet
Embed
Score 0/17 Timer 03:00
2 Plays Today
Hint Answer % Correct
-IATFiat
97.8%
-IETquiet
93.9%
-IOTidiot
93.6%
-IOTpatriot
90.4%
-IOTriot
90.1%
-IETSoviet
89.4%
-IETdiet
88.5%
-IETViet
87.3%
-IOTchariot
86.7%
Hint Answer % Correct
-IETJuliet
86.6%
-IETHarriet
79.6%
-IOTCypriot
75.3%
-IATSecretariat
67.8%
-IATproletariat
67.2%
-IOTJudas Iscariot
65.8%
-IATlariat
64.7%
-IOTGeorge Eliot
41.6%

You're not logged in!

Compare scores with friends on all Sporcle quizzes.
OR
Log In

You Might Also Like...

Show Comments

Extras

Top Quizzes Today


Score Distribution

Your Account Isn't Verified!

In order to create a playlist on Sporcle, you need to verify the email address you used during registration. Go to your Sporcle Settings to finish the process.

Report this User

Report this user for behavior that violates our Community Guidelines.

Details: